[Event "Xtracon Chess Open 2019"]
[Site "Helsingor DEN"]
[Date "2019.07.25"]
[Round "7.124"]
[White "Christensen, Tommy"]
[Black "Gregersen, Hedin"]
[Result "1-0"]
[WhiteElo "1908"]
[BlackElo "1728"]
[WhiteFideId "1423266"]
[BlackFideId "7200226"]
[EventDate "2019.07.20"]

1. e4 d6 2. d4 Nf6 3. Nc3 g6 4. Be3 c6 5. h3 Bg7 6. g4 b5 7. e5 Nfd7 8. f4 Nb6
9. Nf3 Nc4 10. Bxc4 bxc4 11. Ne4 f5 12. gxf5 Bxf5 13. Ng3 Be6 14. Ng5 Bd5 15.
Rf1 Qd7 16. Qe2 h6 17. N5e4 Na6 18. Bd2 O-O-O 19. b3 Qe6 20. f5 gxf5 21. Nxf5
Rhg8 22. Rb1 dxe5 23. bxc4 Bxc4 24. Nxe7+ Qxe7 25. Qxc4 Nc7 26. Rf7 Rxd4 27.
Rxe7 Rxc4 28. Nd6+ Kd8 29. Rf7 1-0

[Event "Xtracon Chess Open 2019"]
[Site "Helsingor DEN"]
[Date "2019.07.25"]
[Round "7.125"]
[White "Kittilsen, Sigurd"]
[Black "Strachan, Christian C."]
[Result "1-0"]
[WhiteElo "1894"]
[BlackElo "1727"]
[WhiteFideId "1515624"]
[BlackFideId "1417215"]
[EventDate "2019.07.20"]

1. e4 e6 2. d4 d5 3. Nd2 Be7 4. Bd3 dxe4 5. Nxe4 Nf6 6. Nf3 Nbd7 7. Nxf6+ Nxf6
8. O-O O-O 9. Re1 b6 10. a4 Bb7 11. a5 Rc8 12. axb6 axb6 13. Bg5 c5 14. Ba6 Bxa6
15. Rxa6 h6 16. Bh4 Qc7 17. c3 cxd4 18. Nxd4 g5 19. Bg3 Qb7 20. Qe2 Rfe8 21.
Rea1 Ra8 22. h3 Nd7 23. Rxa8 Rxa8 24. Rxa8+ Qxa8 25. Nxe6 Bf6 26. Nc7 Qa1+ 27.
Kh2 Nf8 28. Nd5 Bd8 29. Qe8 Qa8 30. Bd6 Qxd5 31. Qxf8+ Kh7 32. Qxd8 1-0

[Event "Xtracon Chess Open 2019"]
[Site "Helsingor DEN"]
[Date "2019.07.25"]
[Round "7.126"]
[White "Weber, Andreas"]
[Black "Smeby, Ole"]
[Result "0-1"]
[WhiteElo "1704"]
[BlackElo "1887"]
[WhiteFideId "24652504"]
[BlackFideId "1503677"]
[EventDate "2019.07.20"]

1. Nf3 Nf6 2. g3 d5 3. Bg2 c6 4. O-O Nbd7 5. d3 e5 6. e4 Bd6 7. Nbd2 O-O 8. b3
Re8 9. Bb2 Nf8 10. h3 Qc7 11. Rc1 Ng6 12. c4 d4 13. c5 Bf8 14. Rc2 Bd7 15. Nh2
b6 16. Ng4 Nxg4 17. hxg4 Bxc5 18. g5 Bd6 19. Qh5 Qc8 20. Nc4 Bc7 21. f3 b5 22.
Nd2 Bd6 23. Kf2 Be6 24. Rh1 Nf8 25. Nf1 Qd7 26. Bc1 Rac8 27. f4 Bg4 28. Qh4 g6
29. Nh2 Be6 30. Bf3 c5 31. Ng4 Bxg4 32. Bxg4 Qc7 33. f5 f6 34. gxf6 Qf7 35. Kg1
Rc7 36. Bh6 Rb8 37. Bxf8 Rxf8 38. fxg6 Qxf6 39. gxh7+ Kh8 40. Qxf6+ Rxf6 41. Bf5
Bf8 42. g4 Rfc6 43. Kf2 c4 44. bxc4 bxc4 45. Rhc1 c3 46. Rb1 Rb6 47. Rxb6 axb6
48. g5 Rc5 49. g6 Rb5 50. Ke2 Rb1 51. Be6 Bh6 52. Bf7 Bg5 53. a4 Bf6 54. Be8 Kg7
55. Bf7 Rh1 56. Be8 Rh3 57. Kf1 Rxd3 58. Rf2 Rd1+ 59. Kg2 Rd2 0-1

[Event "Xtracon Chess Open 2019"]
[Site "Helsingor DEN"]
[Date "2019.07.25"]
[Round "7.128"]
[White "Kustagi, Zeeshan"]
[Black "Markussen, Petter B"]
[Result "0-1"]
[WhiteElo "1690"]
[BlackElo "1873"]
[WhiteFideId "1468839"]
[BlackFideId "1533045"]
[EventDate "2019.07.20"]

1. e4 e6 2. d4 d5 3. Nd2 Nf6 4. e5 Nfd7 5. Bd3 c5 6. c3 Nc6 7. Ngf3 g6 8. O-O
Bg7 9. Re1 O-O 10. Nf1 cxd4 11. cxd4 Qb6 12. Rb1 Nxd4 13. Nxd4 Qxd4 14. Be3 Qxe5
15. Bc5 Qf6 16. Bxf8 Bxf8 17. Ne3 b6 18. Qe2 Bb7 19. Ng4 Qg5 20. Qf3 h5 21. Ne3
Nc5 22. Nc2 d4 23. Be4 Bxe4 24. Rxe4 Nxe4 25. Qxe4 Rd8 26. Nxd4 Qd5 27. Qxd5
Rxd5 28. Nf3 g5 29. h3 g4 30. hxg4 hxg4 31. Nh2 f5 32. Nf1 Bc5 33. Ne3 Rd2 34.
g3 Kf7 35. Kf1 Kf6 36. a3 Bxe3 37. fxe3 Rh2 38. b3 Rh1+ 0-1

[Event "Xtracon Chess Open 2019"]
[Site "Helsingor DEN"]
[Date "2019.07.25"]
[Round "7.129"]
[White "Woltery, Nicolai"]
[Black "Weersing, Abigail Riis"]
[Result "1-0"]
[WhiteElo "1865"]
[BlackElo "1709"]
[WhiteFideId "436887"]
[BlackFideId "460036"]
[EventDate "2019.07.20"]

1. c4 Nf6 2. Nc3 g6 3. g3 Bg7 4. Bg2 O-O 5. Nf3 d6 6. d4 Nbd7 7. O-O e5 8. e4 c6
9. h3 exd4 10. Nxd4 Ne5 11. Qe2 Qc7 12. Be3 Re8 13. Rac1 a6 14. f4 Ned7 15. b4
Nf8 16. Rfe1 a5 17. a3 Be6 18. Qf1 Bd7 19. c5 dxc5 20. bxc5 Nh5 21. Qf2 g5 22.
e5 gxf4 23. gxf4 Ng6 24. Qf3 Nhxf4 25. Bxf4 Bxe5 26. Bxe5 Rxe5 27. Rxe5 Qxe5 28.
Nce2 Rf8 29. Qg3 Qe7 30. Nf4 Qe5 31. Nde2 Re8 32. Nxg6 hxg6 33. Qxe5 Rxe5 34.
Kf2 Kg7 35. Ng3 f5 36. Rc3 Kf6 37. Ne2 g5 38. Nc1 f4 39. Nb3 a4 40. Nd2 Kf5 41.
Nc4 Re7 42. Bf3 Kf6 43. Bg2 Kf5 44. Nb6 Be8 45. Nxa4 Rd7 46. Bf3 Rd2+ 47. Ke1
Rd4 48. Nb6 Bf7 49. Nc8 Be6 50. Nd6+ Ke5 51. Bg4 Bxg4 52. hxg4 Ra4 53. Nxb7 Kd4
54. Kd2 Kd5 55. Nd6 f3 56. Ke3 Rxg4 57. Kxf3 Ra4 58. Ke3 Rh4 59. Rd3+ Kxc5 60.
Ne4+ Kb5 61. Nxg5 Rg4 62. Nf3 c5 63. Ne5 Rg3+ 64. Nf3 Rg4 65. Kd2 Rg2+ 66. Kc3
Ra2 67. Kb3 Re2 68. a4+ Kb6 69. Nd2 Re6 70. Nc4+ Kc6 71. Rh3 Rf6 72. Rg3 Re6 73.
Rg6 Rxg6 74. Ne5+ Kb6 75. Nxg6 Ka5 76. Ne5 Kb6 77. Nc4+ Kc6 78. a5 Kb5 79. Ka3
Ka6 80. Ka4 Kb7 81. Kb5 Ka7 82. a6 Ka8 83. Kb6 Kb8 84. a7+ Ka8 85. Ne3 c4 86.
Nd5 c3 87. Nc7# 1-0

[Event "Xtracon Chess Open 2019"]
[Site "Helsingor DEN"]
[Date "2019.07.25"]
[Round "7.130"]
[White "Heier, Odin Nikolai"]
[Black "Wiberg, Jonas"]
[Result "1-0"]
[WhiteElo "1863"]
[BlackElo "1700"]
[WhiteFideId "1518003"]
[BlackFideId "1720090"]
[EventDate "2019.07.20"]

1. d4 d5 2. Bf4 Nf6 3. e3 e6 4. Nf3 c5 5. c3 Nc6 6. Nbd2 a6 7. Bd3 Be7 8. Ne5
Nxe5 9. dxe5 Nd7 10. Qg4 g6 11. h4 h5 12. Qg3 Nf8 13. Nf3 Bd7 14. a4 Bc6 15. O-O
Qa5 16. Rfb1 Rc8 17. Bg5 Qd8 18. b4 Bxg5 19. Nxg5 cxb4 20. cxb4 Bd7 21. Rc1
Rxc1+ 22. Rxc1 Bc6 23. b5 axb5 24. axb5 Bd7 25. Qf4 Rh7 26. Nxh7 Nxh7 27. Qb4
Qb6 28. Ra1 Qd8 29. Ra7 Bc8 30. Ra8 Qc7 31. b6 1-0

[Event "Xtracon Chess Open 2019"]
[Site "Helsingor DEN"]
[Date "2019.07.25"]
[Round "7.131"]
[White "Hina, Ariza"]
[Black "Lodahl, Holger Ronnow"]
[Result "1/2-1/2"]
[WhiteElo "1651"]
[BlackElo "1859"]
[WhiteFideId "1525441"]
[BlackFideId "1427342"]
[EventDate "2019.07.20"]

1. e4 c5 2. Nc3 Nc6 3. f4 g6 4. Nf3 Bg7 5. Bb5 Nd4 6. Bc4 e6 7. d3 Ne7 8. a3 a6
9. O-O O-O 10. Ne2 Nxf3+ 11. Rxf3 b5 12. Bb3 Bb7 13. Ng3 Nc6 14. Rf1 Rc8 15. f5
Na5 16. Qg4 Nxb3 17. cxb3 c4 18. bxc4 bxc4 19. Qf4 exf5 20. exf5 Rc6 21. dxc4 d5
22. cxd5 Qxd5 23. Be3 Rc3 24. Rf2 Rxe3 25. Qxe3 Bd4 26. Qf3 Qxf3 27. gxf3 Bxf3
28. Kf1 Bxf2 29. Kxf2 Bg4 30. fxg6 1/2-1/2

[Event "Xtracon Chess Open 2019"]
[Site "Helsingor DEN"]
[Date "2019.07.25"]
[Round "7.132"]
[White "Amin, Idris"]
[Black "Warston, Hakan"]
[Result "1-0"]
[WhiteElo "1853"]
[BlackElo "1656"]
[WhiteFideId "1746022"]
[BlackFideId "1717367"]
[EventDate "2019.07.20"]

1. d4 d5 2. Bf4 e6 3. Nf3 Nf6 4. e3 Be7 5. Bd3 O-O 6. c3 c5 7. Nbd2 Nbd7 8. Ne5
Nxe5 9. dxe5 Nd7 10. Nf3 f6 11. h4 fxe5 12. Bxh7+ Kh8 13. Bxe5 Nxe5 14. Nxe5
Kxh7 15. Qh5+ Kg8 16. Nf3 Qe8 17. Qe5 Rf5 18. Qh2 Qf8 19. O-O-O Bd7 20. Ne5 Be8
21. f4 c4 22. g4 Rxe5 23. fxe5 Qf3 24. Qf4 Qxf4 25. exf4 Bg6 26. h5 Be4 27. Rhf1
Rf8 28. Kd2 Bc5 29. b3 Bg2 30. f5 Bxf1 31. Rxf1 b5 32. f6 Kf7 33. b4 Bb6 34.
fxg7+ Kxg7 35. h6+ Kg8 36. h7+ 1-0

[Event "Xtracon Chess Open 2019"]
[Site "Helsingor DEN"]
[Date "2019.07.25"]
[Round "7.133"]
[White "Larsen, Preben R."]
[Black "Olsen, Kim Alex"]
[Result "1-0"]
[WhiteElo "1844"]
[BlackElo "1651"]
[WhiteFideId "1425790"]
[BlackFideId "1406663"]
[EventDate "2019.07.20"]

1. e4 d6 2. Nf3 g6 3. Bc4 a6 4. d4 Nf6 5. Ng5 e6 6. Qf3 Nbd7 7. Bxe6 fxe6 8.
Nxe6 Qe7 9. Nxc7+ Kd8 10. Nxa8 Qxe4+ 11. Qxe4 Nxe4 12. f3 Nef6 13. Nc3 b6 14.
Bg5 Bg7 15. Nd5 Rf8 16. O-O-O h6 17. Bxf6+ Bxf6 18. Naxb6 1-0

[Event "Xtracon Chess Open 2019"]
[Site "Helsingor DEN"]
[Date "2019.07.25"]
[Round "7.134"]
[White "Vehl, Tina"]
[Black "Lye, Sigurd"]
[Result "0-1"]
[WhiteElo "1823"]
[BlackElo "1593"]
[WhiteFideId "1418262"]
[BlackFideId "1539345"]
[EventDate "2019.07.20"]

1. d4 Nf6 2. c4 g6 3. Nc3 Bg7 4. e4 d6 5. Nf3 O-O 6. Be2 Nbd7 7. O-O e5 8. d5 a5
9. Rb1 Nc5 10. Qc2 Bd7 11. Be3 b6 12. Bxc5 bxc5 13. a4 Nh5 14. Rfe1 f5 15. Nd2
Nf6 16. Bd3 f4 17. Nf3 h6 18. Ne2 g5 19. Kh1 Nh5 20. Nfg1 g4 21. g3 Qg5 22. Rf1
Rf7 23. Qd2 fxg3 24. Qxg5 g2+ 25. Kxg2 hxg5 26. b3 Nf4+ 27. Nxf4 gxf4 28. f3 Bf6
29. Kf2 Rh7 30. fxg4 Rxh2+ 31. Ke1 Bh4+ 32. Kd1 Bxg4+ 33. Nf3 Bxf3+ 34. Rxf3 Kf7
35. Be2 Rg8 36. Rf1 Rgg2 37. Rb2 Kf6 38. Rc2 Rg3 39. Bf3 Rhh3 40. Ke2 Ke7 41.
Rc3 Rh2+ 42. Kd1 Ra2 43. Rc2 Ra3 44. Rc3 Rh3 45. Kc2 Rh2+ 46. Kd3 Raa2 47. Rcc1
Rhd2+ 48. Kc3 Bf2 49. Rxf2 Rxf2 50. Bd1 Rh2 51. Bc2 f3 52. Bd3 Rag2 53. Rf1 f2
54. Kd2 Rg3 55. Ke2 Kf6 56. Bc2 Kg5 57. Rxf2 Rxf2+ 58. Kxf2 Rc3 59. Bd1 Kf4 60.
Ke2 Kxe4 61. Kd2 Kd4 62. Ke2 Rc1 63. Kd2 Rxd1+ 64. Kxd1 Ke3 0-1

[Event "Xtracon Chess Open 2019"]
[Site "Helsingor DEN"]
[Date "2019.07.25"]
[Round "7.135"]
[White "Masotti, Roberto"]
[Black "Stromhaug, Kristoffer Wang"]
[Result "0-1"]
[WhiteElo "1814"]
[BlackElo "1566"]
[WhiteFideId "815071"]
[BlackFideId "1533401"]
[EventDate "2019.07.20"]

1. d4 d5 2. Bf4 Bf5 3. e3 e6 4. c4 Bxb1 5. Qxb1 Bb4+ 6. Kd1 c6 7. Nf3 Bd6 8. Bg3
Ne7 9. c5 Bxg3 10. hxg3 h6 11. Ne5 Nd7 12. Nxd7 Qxd7 13. b4 b5 14. a4 a6 15.
axb5 cxb5 16. Ra5 O-O 17. Qa1 Qb7 18. Qb2 Nc6 19. Ra3 Rfd8 20. g4 e5 21. dxe5 d4
22. Rd3 dxe3 23. fxe3 Rxd3+ 24. Bxd3 Qd7 25. Ke2 Qxg4+ 26. Kf2 Qxb4 27. Qxb4
Nxb4 28. Be4 Rc8 29. Rd1 Kf8 30. Rb1 a5 31. Rc1 Na6 32. Rb1 Nb4 33. Rc1 a4 34.
Rc3 Na6 35. c6 Nc7 36. Rd3 Ne6 37. Rd7 Nc5 38. Rd4 Nxe4+ 39. Rxe4 Rxc6 40. Rb4
Rb6 41. Ke2 a3 42. Rb3 b4 43. Rb1 b3 44. Kd2 a2 0-1

[Event "Xtracon Chess Open 2019"]
[Site "Helsingor DEN"]
[Date "2019.07.25"]
[Round "7.136"]
[White "Hansen, Tommy"]
[Black "Gupta Nikhil"]
[Result "1/2-1/2"]
[WhiteElo "1799"]
[BlackElo "1528"]
[WhiteFideId "1511009"]
[BlackFideId "25697773"]
[EventDate "2019.07.20"]

1. e4 d6 2. d4 Nf6 3. Nc3 g6 4. Bg5 Nbd7 5. Bc4 Bg7 6. Bb3 O-O 7. Nf3 c5 8. O-O
cxd4 9. Nxd4 h6 10. Be3 Nc5 11. f3 Nxb3 12. axb3 a6 13. Qd2 Kh7 14. Nde2 Be6 15.
Nf4 Rc8 16. Na4 Nd7 17. Nd5 Bxd5 18. exd5 Qc7 19. c4 b5 20. cxb5 axb5 21. Rfc1
Qb8 22. Nc3 Nc5 23. Qd1 b4 24. Bxc5 bxc3 25. Ba7 Qb7 26. bxc3 Bxc3 27. Ra4 Bf6
28. Be3 Rxc1 29. Bxc1 Qb6+ 30. Kh1 Rc8 31. Rc4 Rxc4 32. bxc4 Qf2 33. Qg1 Bd4 34.
Qxf2 Bxf2 35. g4 g5 36. Kg2 Bd4 37. f4 Kg6 38. f5+ Kf6 39. Kf3 Ke5 40. Bd2 Bb2
41. Ke3 Bd4+ 42. Kd3 Bb2 43. Be3 Ba1 1/2-1/2

[Event "Xtracon Chess Open 2019"]
[Site "Helsingor DEN"]
[Date "2019.07.25"]
[Round "7.137"]
[White "Tandrup, Michael"]
[Black "Larsen, Mette Dalsgaard"]
[Result "1-0"]
[WhiteElo "1962"]
[BlackElo "1637"]
[WhiteFideId "1408356"]
[BlackFideId "1430718"]
[EventDate "2019.07.20"]

1. d4 d5 2. Nf3 e6 3. e3 Nf6 4. Bd3 Be7 5. b3 Nbd7 6. Bb2 O-O 7. O-O b6 8. Nbd2
c5 9. Ne5 Bb7 10. f4 Ne4 11. Ndf3 Ndf6 12. Qe2 Rc8 13. dxc5 Nxc5 14. Rad1 Nfe4
15. Nd4 Nxd3 16. Qxd3 Nc5 17. Qe2 Ne4 18. Qg4 f5 19. Qh3 Rf6 20. Qf3 Qe8 21. Kh1
Rh6 22. g4 fxg4 23. Qxg4 Bh4 24. Kg2 Bd8 25. h3 Bf6 26. Kh2 Bxe5 27. fxe5 Rg6
28. Qf4 Rc7 29. Ba3 Rf7 30. Qxf7+ Qxf7 31. Rxf7 Kxf7 32. Rf1+ Nf6 33. Rf2 a6 34.
exf6 Rxf6 35. Rxf6+ gxf6 36. Kg3 e5 37. Ne2 f5 38. Bb2 Ke6 39. Nc1 1-0

[Event "Xtracon Chess Open 2019"]
[Site "Helsingor DEN"]
[Date "2019.07.25"]
[Round "7.138"]
[White "Christensen, Jacob Foged"]
[Black "Gottschalck, Christian"]
[Result "1-0"]
[WhiteElo "1937"]
[BlackElo "1684"]
[WhiteFideId "1439073"]
[BlackFideId "1428357"]
[EventDate "2019.07.20"]

1. d4 d5 2. Nf3 Nf6 3. Bf4 e6 4. e3 Bd6 5. Bg3 O-O 6. c4 c5 7. Nc3 a6 8. a3 cxd4
9. exd4 dxc4 10. Bxc4 b5 11. Ba2 Bb7 12. O-O Bxg3 13. hxg3 Nd5 14. Rc1 Nd7 15.
Nxd5 Bxd5 16. Bxd5 exd5 17. Re1 Rc8 18. Qd2 Rxc1 19. Rxc1 Re8 20. Rc6 Re6 21.
Qc3 Rxc6 22. Qxc6 Nb8 23. Qb7 f6 24. Nd2 Qd6 25. Nb3 h6 26. Nc5 Kh7 27. Qc8 Kg6
28. Nb7 Qb6 29. Qxb8 Qxd4 30. Qe8+ Kh7 31. Qe2 Qb6 1-0

[Event "Xtracon Chess Open 2019"]
[Site "Helsingor DEN"]
[Date "2019.07.25"]
[Round "7.139"]
[White "Hyldkrog, Lars"]
[Black "Henriksen, Morgan"]
[Result "1-0"]
[WhiteTitle "CM"]
[WhiteElo "1932"]
[BlackElo "1683"]
[WhiteFideId "1402781"]
[BlackFideId "1510495"]
[EventDate "2019.07.20"]

1. e4 c5 2. Nf3 d6 3. d4 cxd4 4. Nxd4 Nf6 5. Nc3 a6 6. Bg5 e6 7. f4 Be7 8. Qf3
Qc7 9. O-O-O Nbd7 10. g4 b5 11. Bxf6 Nxf6 12. g5 Nd7 13. f5 Nc5 14. f6 gxf6 15.
gxf6 Bf8 16. Bd3 Bb7 17. Rhg1 h5 18. Kb1 O-O-O 19. a3 d5 20. exd5 Nxd3 21. Rxd3
Qb6 22. Nde2 exd5 23. Nxd5 Qe6 24. Nef4 Qe5 25. Qd1 Bh6 26. Re1 Qb8 27. Rc3+ 1-0

[Event "Xtracon Chess Open 2019"]
[Site "Helsingor DEN"]
[Date "2019.07.25"]
[Round "7.140"]
[White "Ben Porat, Tal"]
[Black "Larsen, Hans Haagen"]
[Result "1/2-1/2"]
[WhiteElo "1928"]
[BlackElo "1680"]
[WhiteFideId "2804719"]
[BlackFideId "1409557"]
[EventDate "2019.07.20"]

1. e4 e6 2. d4 d5 3. Nd2 c5 4. exd5 exd5 5. Ngf3 Nc6 6. Bb5 Bf5 7. c3 Qb6 8.
Qe2+ Ne7 9. dxc5 Qxc5 10. Nb3 Qd6 11. O-O O-O-O 12. Bg5 f6 13. Bh4 Ng6 14. Bg3
Qe7 15. Qxe7 Bxe7 16. Rfe1 h5 17. h3 h4 18. Bh2 Bd6 19. Nbd4 Nxd4 20. Nxd4 Bxh2+
21. Kxh2 Bd7 22. Bxd7+ Rxd7 23. Nf3 Nf4 24. Rad1 g5 25. Nd4 Kc7 26. Ne6+ Nxe6
27. Rxe6 Rd6 28. Re7+ Kc6 29. Rd4 Rhd8 30. Kg1 a5 31. Kf1 R8d7 32. Re3 b5 33.
Ke2 Kc5 34. Kd3 b4 35. Kc2 Rb7 36. Re8 Rb5 37. Rc8+ Rc6 38. Rd8 Rd6 39. Rxd6
Kxd6 40. f4 Ke6 41. fxg5 fxg5 42. Rg4 Kf5 43. Kb3 bxc3+ 44. Kxc3 Rb4 45. Rxb4
axb4+ 46. Kd3 Kf4 47. Ke2 g4 48. hxg4 Kxg4 49. a4 bxa3 50. bxa3 Kg3 51. Kf1 d4
52. a4 d3 53. a5 d2 54. Ke2 Kxg2 55. a6 d1=Q+ 56. Kxd1 h3 57. a7 Kg1 58. a8=Q h2
59. Qg8+ Kf2 60. Qf7+ Kg1 61. Qg6+ Kf2 62. Qf5+ Kg1 63. Qg4+ Kf2 64. Qe2+ Kg1
65. Qe3+ Kg2 66. Qg5+ Kf2 67. Qf4+ Kg1 68. Qg3+ Kh1 69. Qxh2+ Kxh2 1/2-1/2

[Event "Xtracon Chess Open 2019"]
[Site "Helsingor DEN"]
[Date "2019.07.25"]
[Round "7.141"]
[White "Gaure, Sigurd Lauvas"]
[Black "Rasmussen, Morten Fredsgaard2"]
[Result "0-1"]
[WhiteElo "1657"]
[BlackElo "1882"]
[WhiteFideId "1524933"]
[BlackFideId "1410636"]
[EventDate "2019.07.20"]

1. e4 c6 2. d4 d5 3. e5 Bf5 4. c4 e6 5. c5 b6 6. b4 a5 7. Bd2 axb4 8. Bxb4 bxc5
9. Bxc5 Bxc5 10. dxc5 Nd7 11. Qd4 Qa5+ 12. Nd2 Ne7 13. Nf3 Qxc5 14. Nb3 Qxd4 15.
Nbxd4 O-O 16. Be2 c5 17. Nb5 0-1

[Event "Xtracon Chess Open 2019"]
[Site "Helsingor DEN"]
[Date "2019.07.25"]
[Round "7.142"]
[White "Moller, Arne Vang"]
[Black "Hojgaard, Brandur"]
[Result "1/2-1/2"]
[WhiteElo "1872"]
[BlackElo "1683"]
[WhiteFideId "1406175"]
[BlackFideId "7201478"]
[EventDate "2019.07.20"]

1. e4 e5 2. Nf3 Nf6 3. Bb5 a6 4. Ba4 Nc6 5. O-O Nxe4 6. d4 b5 7. Bb3 d5 8. dxe5
Be6 9. c3 Bc5 10. Nd4 Nxe5 11. Nxe6 fxe6 12. Qh5+ Ng6 13. Bc2 Qh4 14. Qxh4 Nxh4
15. Bxe4 dxe4 16. Bg5 Nf5 17. g4 Nd6 18. Nd2 O-O 19. Rae1 h6 20. Be3 Bxe3 21.
Rxe3 Rf4 22. h3 Raf8 23. Kg2 g5 24. b3 Kg7 25. f3 exf3+ 26. Rfxf3 Rxf3 27. Nxf3
Kf6 1/2-1/2

[Event "Xtracon Chess Open 2019"]
[Site "Helsingor DEN"]
[Date "2019.07.25"]
[Round "7.144"]
[White "Shehzad, Alisha"]
[Black "Jaques, Hannibal Valeur"]
[Result "1-0"]
[WhiteElo "1637"]
[BlackElo "1807"]
[WhiteFideId "1521926"]
[BlackFideId "1454188"]
[EventDate "2019.07.20"]

1. e4 e5 2. Nf3 Nc6 3. Nc3 Nf6 4. a3 d6 5. d4 Bg4 6. Bb5 a6 7. Bxc6+ bxc6 8.
dxe5 Bxf3 9. Qxf3 dxe5 10. O-O Be7 11. Rd1 Qc8 12. Qg3 Qe6 13. Be3 O-O 14. f3
Rad8 15. Rxd8 Rxd8 16. Rd1 Rxd1+ 17. Nxd1 Nd7 18. Nc3 Qc4 19. Qe1 Nb6 20. Qd2 h6
21. Qd3 Kf8 22. Kf2 Bd6 23. Qd2 Ke7 24. h3 Qe6 25. Qd3 Qc4 26. Ke1 a5 27. Qxc4
Nxc4 28. Bc1 Ke6 29. Ke2 Bf8 30. Kd3 Nb6 31. Be3 g6 32. Ne2 f5 33. Bd2 Na4 34.
Bxa5 Nxb2+ 35. Kc3 Na4+ 36. Kd2 Nb6 37. Bxb6 cxb6 38. a4 Be7 39. c4 Kd6 40. Kc3
Bg5 41. Kc2 Kc5 42. Kc3 Be3 43. exf5 gxf5 44. Ng3 Bd4+ 45. Kb3 e4 46. fxe4 f4
47. Nf5 h5 48. Ne7 Bf6 49. Ng6 Kd4 50. e5 Bxe5 51. Nxe5 Kxe5 52. c5 bxc5 53. Kc4
Kd6 54. a5 Kd7 55. Kxc5 Kc7 56. a6 h4 57. a7 Kb7 58. a8=Q+ Kxa8 59. Kxc6 Kb8 60.
Kd6 Kc8 61. Ke5 f3 62. gxf3 Kd7 63. Kf6 Ke8 64. f4 Kf8 65. f5 Kg8 66. Ke7 1-0

[Event "Xtracon Chess Open 2019"]
[Site "Helsingor DEN"]
[Date "2019.07.25"]
[Round "7.145"]
[White "Nielsen, Palle"]
[Black "Harders, Poul Erik"]
[Result "1-0"]
[WhiteElo "1806"]
[BlackElo "1676"]
[WhiteFideId "1408526"]
[BlackFideId "1416251"]
[EventDate "2019.07.20"]

1. e4 c5 2. Nf3 d6 3. d4 cxd4 4. Nxd4 Nf6 5. f3 e6 6. c4 a6 7. Nc3 Qc7 8. Be3
Nbd7 9. Nb3 b6 10. Be2 Bb7 11. Rc1 Be7 12. O-O O-O 13. Qd2 Nc5 14. Nd4 Rfd8 15.
b4 Ncd7 16. Rfd1 Rac8 17. Nb3 Ne5 18. Na4 Nfd7 19. Qe1 Re8 20. Qf2 Bd8 21. h4
Ra8 22. h5 a5 23. b5 Nc5 24. Nxb6 Qxb6 25. Nxc5 dxc5 26. Bxc5 Qc7 27. Bd6 Qc8
28. Bxe5 Be7 29. Qg3 f6 30. Bd6 e5 31. h6 g6 32. c5 Bxd6 33. cxd6 Qd8 34. Rc7
Bc8 35. f4 Bd7 36. f5 g5 37. Qb3+ Kf8 38. Bh5 1-0

[Event "Xtracon Chess Open 2019"]
[Site "Helsingor DEN"]
[Date "2019.07.25"]
[Round "7.146"]
[White "Willard, Hakan"]
[Black "Lindgaard, Tobias Simon"]
[Result "0-1"]
[WhiteElo "1614"]
[BlackElo "1804"]
[WhiteFideId "1733621"]
[BlackFideId "1419820"]
[EventDate "2019.07.20"]

1. e4 Nc6 2. Nf3 d6 3. h3 g6 4. Bc4 Bg7 5. Nc3 Nf6 6. a3 O-O 7. d3 h6 8. Be3 e6
9. Qd2 d5 10. Bc5 Re8 11. Bb5 Bd7 12. a4 b6 13. Ba3 a6 14. Bxc6 Bxc6 15. e5 Nd7
16. d4 Bb7 17. Ne2 c5 18. c3 Rc8 19. O-O b5 20. axb5 axb5 21. Bxc5 Nxc5 22. dxc5
Rxc5 23. Ned4 Qb6 24. Nc2 Rec8 25. Rfe1 R5c7 26. Nfd4 Bc6 27. Qe3 Bf8 28. b4 Be8
29. Ne2 Qxe3 30. Nxe3 Bg7 31. Ng4 Kf8 32. Nf6 Ke7 33. Ng8+ Kf8 34. Nf6 Bd7 35.
Red1 Ke7 36. Ra6 Rc6 37. Ra7 R6c7 38. Ra6 Bc6 39. Rd3 Bxf6 40. exf6+ Kxf6 41.
Nd4 Ke7 42. Nb3 Ra8 43. Rxa8 Bxa8 44. f3 e5 45. Nc5 Kd6 46. Ne4+ Ke7 47. Nc5 f5
48. Kf2 Kd6 49. Rd2 Ra7 50. Ke3 Ra3 51. Rd3 Rxc3 52. Rxc3 d4+ 53. Kd2 dxc3+ 54.
Kxc3 Bd5 55. Kd3 Bc4+ 56. Ke3 Kd5 57. h4 f4+ 58. Kf2 Kd4 59. Nd7 g5 60. hxg5
hxg5 61. Ke1 e4 62. fxe4 Kxe4 63. Kf2 Kd4 64. Nc5 Bd5 65. g3 Kc4 66. gxf4 gxf4
67. Na6 f3 68. Ke3 Kc3 69. Nc7 Kc4 70. Nxd5 Kxd5 71. Kxf3 Kc4 72. Ke2 Kxb4 73.
Kd2 Ka3 74. Kc2 b4 75. Kb1 Kb3 0-1

[Event "Xtracon Chess Open 2019"]
[Site "Helsingor DEN"]
[Date "2019.07.25"]
[Round "7.147"]
[White "Kalveus, Jan"]
[Black "Olsen, Karsten Kierkegaard"]
[Result "0-1"]
[WhiteElo "1798"]
[BlackElo "1670"]
[WhiteFideId "1721682"]
[BlackFideId "1416944"]
[EventDate "2019.07.20"]

1. d4 c6 2. c4 d5 3. Nc3 e6 4. e3 Nf6 5. Nf3 Nbd7 6. Bd3 dxc4 7. Bxc4 Bb4 8. O-O
O-O 9. a3 Bd6 10. Qe2 Qc7 11. e4 e5 12. d5 a6 13. Bg5 b5 14. dxc6 bxc4 15. cxd7
Nxd7 16. Rfd1 f6 17. Be3 Nb6 18. a4 Be6 19. a5 Nd7 20. Nd5 Qc6 21. Rac1 Rac8 22.
Qd2 Rfd8 23. b3 Bf8 24. Rxc4 Qb7 25. Qc3 Rxc4 26. Qxc4 Rc8 27. Qd3 Nc5 28. Bxc5
Bxc5 29. Nd2 f5 30. Nc3 Rf8 31. exf5 Bxf5 32. Nce4 Bd4 33. Rf1 Rd8 34. Qf3 Qd7
35. h3 Rf8 36. Qg3 Qd5 37. Qd3 Bxf2+ 0-1

[Event "Xtracon Chess Open 2019"]
[Site "Helsingor DEN"]
[Date "2019.07.25"]
[Round "7.148"]
[White "Narheim, Mats"]
[Black "Hansen, Aksel"]
[Result "1/2-1/2"]
[WhiteElo "1608"]
[BlackElo "1790"]
[WhiteFideId "1518607"]
[BlackFideId "1412213"]
[EventDate "2019.07.20"]

1. e4 d5 2. exd5 Qxd5 3. Nc3 Qa5 4. Nf3 c6 5. d4 Bf5 6. Bc4 e6 7. O-O Nf6 8. Bd2
Qd8 9. Re1 Be7 10. Bf4 O-O 11. Bd3 Nd5 12. Nxd5 Qxd5 13. Re5 Qd7 14. Bxf5 exf5
15. Re1 Bf6 16. Be5 Qd8 17. d5 cxd5 18. Bxf6 Qxf6 19. Qxd5 Nc6 20. Ne5 Nxe5 21.
Rxe5 Rad8 22. Qc5 Rc8 23. Qe7 Qc6 24. Rae1 g6 25. Qb4 Rfe8 26. Rxe8+ Rxe8 27.
Rxe8+ Qxe8 28. Qd2 Qe5 29. c3 Kg7 30. f4 Qc5+ 31. Qd4+ Qxd4+ 32. cxd4 Kf6 33.
Kf2 Ke6 34. Ke3 Kd5 35. h4 f6 36. g3 Kc4 37. b3+ Kd5 38. a4 b6 39. Kd3 a6 40.
Ke3 h6 41. Kd3 b5 42. axb5 axb5 43. Ke3 Kc6 44. Kd3 Kd5 45. Ke3 Kd6 1/2-1/2